| 000 | 00767nam a2200205 a 4500 | ||
|---|---|---|---|
| 008 | 060316s2001 ||||||||||||||||| || u | ||
| 020 | _a0750652144 | ||
| 050 | _aTK6550 | ||
| 100 | _aBrown, George, 1941- | ||
| 245 | 1 | 0 | _aRadio and electronics cookbook |
| 260 |
_aOxford : _bNewnes _c2001. |
||
| 300 | _aviii, 319 p. : ill. ; 25 cm. | ||
| 350 | _a0.00 | ||
| 650 | 0 | _aELECTRONICS | |
| 650 | _aRADIO | ||
| 710 | _aRadio Society of Great Britain | ||
| 856 | _uhttp://www.loc.gov/catdir/description/els031/2002275438.html | ||
| 856 | _uhttp://www.loc.gov/catdir/toc/els031/2002275438.html | ||
| 995 |
_D0.00 _FCBU-MAIN LIBRARY (Kitwe) _H1 _I0.00 _M1 _UAVAILABLE _WApr 26, 2006 _ZMain Library Open Access Collection |
||
| 999 |
_c55547 _d55547 |
||